000 00617nam a2200181Ia 4500
008 090124s9999 xx 000 0 und d
082 _b19035
_a1969
100 _aपुरंदरे ब.मो.
245 _a महाराज सचित्र शिवचरित्र
250 _a1
260 _c1974
300 _a152
600 _aपुरंदरे ब.मो.
630 _a महाराज सचित्र शिवचरित्र
700 _aपुरंदरे ब.मो.
730 _a महाराज सचित्र शिवचरित्र
942 _cBOOK
999 _c132976
_d132976